Bundesliga: Top Goalscorers - Statistics

General Stats
  • This quiz has been taken 32 times
  • The average score is 6 of 15
Answer Stats
Most Goals for Second most Goals for Answer Goals % Correct
Bayern Munich - Gerd Müller 365
100%
Bayern Munich Borussia Dortmund Robert Lewandowski 312
97%
1.FC Köln VFB Stuttgart Dieter Müller 177
94%
VFB Stuttgart Bayern Munich Mario Gomez 170
55%
Werder Bremen Bayern Munich Claudio Pizarro 197
45%
Bayern Munich - Karl-Heinz Rummenigge 162
42%
Borussia Mönchengladbach Hannover 96 Jupp Heynckes 220
26%
1.FC Köln Fortuna Düsseldorf Klaus Allofs 177
26%
1.FC Kaiserslautern VFL Bochum Stefan Kuntz 179
23%
Bayer Leverkusen - Ulf Kirsten 182
23%
VFB Stuttgart Waldhof Mannheim Fritz Walter 157
19%
Schalke 04 1.FC Köln Klaus Fischer 268
19%
Borussia Dortmund Werder Bremen Manfred Burgsmüller 213
16%
Eintracht Frankfurt - Bernd Hölzenbein 160
13%
1.FC Köln - Hannes Löhr 166
6%
No matching quizzes found
Score Distribution
Percent of People with Each Score
Percentile by Number Answered
Your Score History
You have not taken this quiz